Shrahegic Manangement formulation Implementation a (Record no. 255211)

MARC details
000 -LEADER
fixed length control field 00404pam a2200169a 44500
008 - FIXED-LENGTH DATA ELEMENTS--GENERAL INFORMATION
fixed length control field 230405s2000 xxu||||| |||| 00| 0 eng d
041 ## - LANGUAGE CODE
Language code of text/sound track or separate title ENG
100 ## - MAIN ENTRY--PERSONAL NAME
Personal name John A Pearce
245 ## - TITLE STATEMENT
Title Shrahegic Manangement formulation Implementation a
250 ## - EDITION STATEMENT
Edition statement 1
260 ## - PUBLICATION, DISTRIBUTION, ETC.
Place of publication, distribution, etc.
Name of publisher, distributor, etc. M G H
Date of publication, distribution, etc. 2000
300 ## - PHYSICAL DESCRIPTION
Extent SI 18P 24 cms
440 ## - SERIES STATEMENT/ADDED ENTRY--TITLE
Title 1147
690 ## - LOCAL SUBJECT ADDED ENTRY--TOPICAL TERM (OCLC, RLIN)
Topical term or geographic name as entry element IMRDA
700 ## - ADDED ENTRY--PERSONAL NAME
Personal name Richard B Robinson
906 ## - LOCAL DATA ELEMENT F, LDF (RLIN)
a 2352
Holdings
Withdrawn status Lost status Damaged status Not for loan Collection Home library Current library Date acquired Total Checkouts Full call number Barcode Date last seen Price effective from Koha item type
          Institute of Management & Rural Development Administration, Sangli Institute of Management & Rural Development Administration, Sangli 08/08/2003   658.4012/PEA RDS-4058 14/04/2023 14/04/2023 Book